| 000 | 00480nam a2200181 i 4500 | ||
|---|---|---|---|
| 001 | 27199 | ||
| 003 | ES-MaACL | ||
| 005 | 20230906153558.0 | ||
| 007 | t| | ||
| 008 | 030113s1977 sp ||||1| spa d | ||
| 080 | _a821.134.2-94"19" | ||
| 100 | 1 |
_aAzaña, Manuel, _d1880-1940 _924223 |
|
| 245 | 1 | 3 |
_aEl jardín de los frailes / _cManuel Azaña. |
| 260 |
_aBilbao : _bAlbia, _c1977. |
||
| 300 |
_a167 p. ; _c22 cm. |
||
| 852 |
_aES-MaACL _jA-8058 |
||
| 999 |
_c27199 _d27199 |
||